[Event "66th POL-ch (w)"]
[Site "Warsaw POL"]
[Date "2014.03.30"]
[Round "6"]
[White "Jakubiec, Edyta"]
[Black "Socko, Monika"]
[Result "1/2-1/2"]
[WhiteElo "2218"]
[BlackElo "2446"]
[EventDate "2014.03.25"]
[PlyCount "83"]

1.e4 e6 2.d4 d5 3.Nc3 Bb4 4.exd5 exd5 5.Bd3 Be6 6.Bf4 Nc6 7.Ne2 Qd7 8.O-O 
Nge7 9.Nb5 Ba5 10.c3 a6 11.Na3 Bb6 12.Re1 O-O 13.Nc2 Ng6 14.Bg3 Bf5 15.h4 
h6 16.h5 Nge7 17.Ne3 Rae8 18.Nf4 Bxd3 19.Qxd3 Nd8 20.Re2 c6 21.Rae1 Bc7 
22.b3 Bxf4 23.Bxf4 Ne6 24.Bg3 Ng5 25.Bh4 Ne4 26.Nxd5 cxd5 27.Bxe7 Rxe7 28.
f3 f5 29.c4 Rfe8 30.fxe4 Rxe4 31.cxd5 Qxd5 32.Rxe4 fxe4 33.Qc4 Qf7 34.d5 
b5 35.Qd4 e3 36.Rxe3 Rxe3 37.Qxe3 Qxd5 38.Qe8+ Kh7 39.Qg6+ Kg8 40.Qe8+ Kh7
41.Qg6+ Kg8 42.Qe8+ 1/2-1/2

[Event "66th POL-ch (w)"]
[Site "Warsaw POL"]
[Date "2014.03.30"]
[Round "6"]
[White "Kulon, Klaudia"]
[Black "Bartel, Marta"]
[Result "1-0"]
[WhiteElo "2308"]
[BlackElo "2342"]
[EventDate "2014.03.25"]
[PlyCount "113"]

1.c4 f5 2.g3 Nf6 3.Bg2 g6 4.Nc3 Bg7 5.d4 O-O 6.Nf3 d6 7.O-O c6 8.b4 Ne4 9.
Bb2 Nxc3 10.Bxc3 Nd7 11.Qb3 Nf6 12.d5 cxd5 13.cxd5 Bd7 14.a4 Rc8 15.Rac1 
Qe8 16.b5 a6 17.b6 Bxa4 18.Qa3 Bd7 19.Nd4 Ne4 20.Ba1 Qf7 21.Qa2 Nc5 22.e3 
g5 23.f4 Qg6 24.Ne6 Nxe6 25.dxe6 Bxe6 26.Bd5 Bf7 27.Rc7 Bxa1 28.Rxa1 gxf4 
29.Rac1 Rxc7 30.bxc7 Rc8 31.Qa5 fxg3 32.Bxb7 Qh6 33.Qxf5 Qxe3+ 34.Kg2 Be6 
35.Qf1 Qd2+ 36.Kxg3 Qg5+ 37.Kf2 Rf8+ 38.Bf3 Qh4+ 39.Kg1 Qg5+ 40.Kh1 Bc8 
41.Qc4+ Kh8 42.Rg1 Qf6 43.Bg2 Qe5 44.Qh4 Rg8 45.Re1 Qg7 46.Bf3 e6 47.Rc1 
d5 48.Qb4 d4 49.Qd6 Qf6 50.Bg2 Qg7 51.Be4 e5 52.Bd5 Bh3 53.Qc6 e4 54.Bxe4 
Bc8 55.Bd5 Rf8 56.Qc5 Qe5 57.Qxf8# 1-0

[Event "66th POL-ch (w)"]
[Site "Warsaw POL"]
[Date "2014.03.30"]
[Round "6"]
[White "Szczepkowska-Horowska, Karina"]
[Black "Worek, Joanna"]
[Result "1-0"]
[WhiteElo "2396"]
[BlackElo "2346"]
[EventDate "2014.03.25"]
[PlyCount "145"]

1.e4 c5 2.Nc3 d6 3.f4 g6 4.Nf3 Bg7 5.Bb5+ Bd7 6.O-O Nc6 7.d3 e6 8.Bxc6 
Bxc6 9.Qe1 Ne7 10.Qh4 Qd7 11.Bd2 b5 12.Rae1 b4 13.Nd1 Qb7 14.Ne3 d5 15.f5 
dxe4 16.dxe4 f6 17.fxe6 O-O 18.Ng4 Kh8 19.Nh6 Be8 20.Qh3 Ng8 21.e5 Nxh6 
22.Bxh6 Bb5 23.exf6 Bxh6 24.Qxh6 Rxf6 25.e7 Re8 26.Qh4 Kg7 27.Rf2 Rxe7 28.
Rd1 h6 29.Qg3 Qc7 30.Qxc7 Rxc7 31.Rfd2 Re6 32.Kf2 Rce7 33.Re1 a5 34.Rxe6 
Rxe6 35.c3 bxc3 36.bxc3 Bc4 37.a3 a4 38.Rd7+ Kf6 39.Rc7 Re2+ 40.Kg3 Ra2 
41.Rc6+ Be6 42.Rxc5 Rxa3 43.Nd4 Bf7 44.h4 Ra1 45.Ra5 Bc4 46.Nc2 Ra2 47.Nb4
Ra3 48.Kf4 Ra1 49.Nc2 Ra2 50.Ne3 Be6 51.c4 a3 52.Nd5+ Bxd5 53.cxd5 Ra1 54.
Ra6+ Ke7 55.Ke5 a2 56.Ra7+ Ke8 57.Kd6 g5 58.hxg5 hxg5 59.g4 Kf8 60.Kd7 Kf7
61.d6 Kf8 62.Ra5 Kf7 63.Rf5+ Kg6 64.Rf2 Rg1 65.Rxa2 Rxg4 66.Ke6 Re4+ 67.
Kd5 Re8 68.d7 Rd8 69.Ke6 Kh5 70.Ke7 Rg8 71.Rf2 g4 72.Rf8 Rg7+ 73.Kf6 1-0

[Event "66th POL-ch (w)"]
[Site "Warsaw POL"]
[Date "2014.03.30"]
[Round "6"]
[White "Zawadzka, Jolanta"]
[Black "Rajlich, Iweta"]
[Result "1/2-1/2"]
[WhiteElo "2394"]
[BlackElo "2400"]
[EventDate "2014.03.25"]
[PlyCount "139"]

1.e4 e6 2.d4 d5 3.Nc3 Bb4 4.e5 c5 5.a3 Bxc3+ 6.bxc3 Nc6 7.Nf3 Qc7 8.Be2 
Bd7 9.O-O Rc8 10.Be3 Nge7 11.Rb1 cxd4 12.cxd4 Na5 13.Bd3 Ba4 14.Qd2 Nc4 
15.Bxc4 dxc4 16.Ng5 Bc6 17.f3 O-O 18.Qf2 Nd5 19.Bd2 c3 20.Bc1 Qe7 21.Ne4 
f5 22.exf6 Nxf6 23.Nxc3 Be8 24.Rb3 Bg6 25.Bg5 Qd7 26.Bxf6 Rxf6 27.Rd1 Rf7 
28.Qe2 Qc6 29.Rd2 b6 30.Nd1 Rfc7 31.Ne3 Qa4 32.Rb2 Qxa3 33.c4 Qf8 34.Rb5 
Rd8 35.Ng4 Be8 36.Rg5 Kh8 37.Ne5 h6 38.Rg4 a5 39.Qe3 a4 40.Ra2 Qb4 41.Kf2 
Ra7 42.Rf4 Qe7 43.Qc3 Kg8 44.Re4 Rc8 45.g3 Rb7 46.Nd3 Bg6 47.Re5 Bxd3 48.
Qxd3 Ra7 49.Qe2 Qd7 50.Re4 a3 51.Kg2 Qc6 52.Rxe6 Qxc4 53.Re8+ Kf7 54.Rxc8 
Qxc8 55.Qd3 Qa6 56.Qf5+ Kg8 57.Qe6+ Kh7 58.Qe4+ g6 59.d5 Qa4 60.Qd3 b5 61.
d6 b4 62.Rc2 Qd7 63.Qd5 a2 64.Rxa2 Rxa2+ 65.Qxa2 Qxd6 66.Qf7+ Kh8 67.h4 h5
68.Kh3 Qb6 69.Qf8+ Kh7 70.Qf7+ 1/2-1/2

[Event "66th POL-ch (w)"]
[Site "Warsaw POL"]
[Date "2014.03.31"]
[Round "7"]
[White "Adamowicz, Katarzyna"]
[Black "Zawadzka, Jolanta"]
[Result "0-1"]
[WhiteElo "2145"]
[BlackElo "2394"]
[EventDate "2014.03.25"]
[PlyCount "94"]

1.e4 e5 2.Nf3 Nc6 3.Bb5 a6 4.Ba4 Nf6 5.O-O Be7 6.Re1 b5 7.Bb3 d6 8.c3 O-O 
9.h3 Bb7 10.d3 Na5 11.Bc2 c5 12.Nbd2 Re8 13.Nf1 Bf8 14.Ng3 d5 15.Qe2 h6 
16.Nf5 Qd7 17.Nh2 Rad8 18.Ng4 Nh7 19.Nh2 Kh8 20.Qf3 Re6 21.h4 c4 22.d4 
dxe4 23.Bxe4 Bxe4 24.Rxe4 Rf6 25.g4 g6 26.dxe5 Qd1+ 27.Kg2 gxf5 28.exf6 
Qxf3+ 29.Nxf3 fxe4 30.Nd4 Nxf6 31.g5 Nd5 32.gxh6 Kh7 33.Bg5 f6 34.Ne6 Re8 
35.Nxf8+ Rxf8 36.Rd1 Ne7 37.Rd7 Nc6 38.Bf4 Rd8 39.Rb7 Kg6 40.Rc7 Nd5 41.
Rg7+ Kf5 42.Bc1 Rh8 43.Kg3 Ne5 44.Bd2 Nd3 45.b3 N5f4 46.Ra7 Rxh6 47.Rxa6 
Rg6+ 0-1

[Event "66th POL-ch (w)"]
[Site "Warsaw POL"]
[Date "2014.03.31"]
[Round "7"]
[White "Bartel, Marta"]
[Black "Jakubiec, Edyta"]
[Result "1-0"]
[WhiteElo "2342"]
[BlackElo "2218"]
[EventDate "2014.03.25"]
[PlyCount "115"]

1.Nf3 d6 2.d4 Nf6 3.g3 g6 4.Bg2 Bg7 5.O-O O-O 6.a4 Nbd7 7.a5 a6 8.Re1 e5 
9.e4 exd4 10.Nxd4 Re8 11.Nc3 Ne5 12.h3 Bd7 13.f4 Nc6 14.Be3 Nh5 15.Kh2 
Nxd4 16.Bxd4 Bc6 17.Bxg7 Nxg7 18.Qd2 Qf6 19.Rf1 Rad8 20.Rae1 Ne6 21.g4 Qd4
22.Qc1 Nc5 23.Ne2 Qg7 24.Ng3 Bb5 25.Rg1 Kh8 26.b4 Nd7 27.c4 Bc6 28.Rgf1 b6
29.axb6 cxb6 30.Qd2 Nb8 31.f5 b5 32.h4 bxc4 33.f6 Qf8 34.h5 Re5 35.hxg6 
fxg6 36.g5 Qf7 37.Qf4 Bb5 38.Rd1 Nc6 39.Rf3 h6 40.gxh6 Kh7 41.Bh3 Ba4 42.
Rd2 Bb3 43.Ne2 Nxb4 44.Nd4 Nd3 45.Rfxd3 cxd3 46.Nc6 Rde8 47.Nxe5 dxe5 48.
Qg5 Bc2 49.Rg2 a5 50.Bf5 Rg8 51.Bh3 Re8 52.Bf5 Rg8 53.Bh3 Rf8 54.Rf2 Re8 
55.Qd2 a4 56.Qb4 Rd8 57.Be6 Qxe6 58.f7 1-0

[Event "66th POL-ch (w)"]
[Site "Warsaw POL"]
[Date "2014.03.31"]
[Round "7"]
[White "Rajlich, Iweta"]
[Black "Kulon, Klaudia"]
[Result "1-0"]
[WhiteElo "2400"]
[BlackElo "2308"]
[EventDate "2014.03.25"]
[PlyCount "69"]

1.d4 Nf6 2.Bg5 d5 3.e3 Nbd7 4.c3 g6 5.Nd2 Bg7 6.f4 c5 7.Bd3 O-O 8.Qe2 Qb6 
9.Rb1 cxd4 10.cxd4 Qa5 11.Nf3 Ne4 12.b4 Qxa2 13.Nxe4 Qxe2+ 14.Kxe2 dxe4 
15.Bxe4 Nf6 16.Bxf6 exf6 17.Rhc1 f5 18.Bd5 Rd8 19.Ba2 Be6 20.Bxe6 fxe6 21.
Rc7 Rab8 22.Rbc1 Bf8 23.Ng5 Rd6 24.Nxh7 Bg7 25.Ng5 Rb6 26.Rd7 Rxb4 27.Rcc7
Bf6 28.Nf7 Bg7 29.Nd6 Bf8 30.Nc8 Rb2+ 31.Kf3 a5 32.Rd8 a4 33.Ne7+ Kf7 34.
Nd5+ Kg8 35.Nf6+ 1-0

[Event "66th POL-ch (w)"]
[Site "Warsaw POL"]
[Date "2014.03.31"]
[Round "7"]
[White "Socko, Monika"]
[Black "Szczepkowska-Horowska, Karina"]
[Result "1/2-1/2"]
[WhiteElo "2446"]
[BlackElo "2396"]
[EventDate "2014.03.25"]
[PlyCount "97"]

1.d4 d5 2.c4 e6 3.Nf3 c5 4.cxd5 exd5 5.Nc3 Nc6 6.dxc5 d4 7.Na4 Bxc5 8.Nxc5
Qa5+ 9.Bd2 Qxc5 10.Rc1 Qb6 11.e3 Nge7 12.Bc4 O-O 13.O-O Bg4 14.exd4 Nxd4 
15.Be3 Bxf3 16.Bxd4 Bxd1 17.Bxb6 axb6 18.Rfxd1 Rfd8 19.Kf1 Kf8 20.a3 Nc6 
21.Bd5 Ra5 22.Be4 Rxd1+ 23.Rxd1 Ke7 24.g3 h6 25.Rd3 f5 26.Bf3 Rc5 27.Rb3 
b5 28.Re3+ Kf6 29.h3 Rc1+ 30.Kg2 g5 31.Rd3 Ke6 32.Rd2 Rc5 33.Re2+ Kf6 34.
Re3 Rc2 35.b4 Rd2 36.Rc3 Ne5 37.Bxb7 Nd3 38.Rc6+ Ke5 39.Rxh6 Rxf2+ 40.Kg1 
Ra2 41.Rb6 Rxa3 42.Rxb5+ Kf6 43.Rb6+ Ke5 44.Rb5+ Kf6 45.Bd5 Ra1+ 46.Kg2 
Rb1 47.Bc4 Rb2+ 48.Kf1 Nxb4 49.Kg1 1/2-1/2

[Event "66th POL-ch (w)"]
[Site "Warsaw POL"]
[Date "2014.03.31"]
[Round "7"]
[White "Worek, Joanna"]
[Black "Iwanow, Anna"]
[Result "1/2-1/2"]
[WhiteElo "2346"]
[BlackElo "2208"]
[EventDate "2014.03.25"]
[PlyCount "94"]

1.e4 c5 2.Nf3 e6 3.d4 cxd4 4.Nxd4 Nf6 5.Nc3 d6 6.f4 Nc6 7.Be3 Be7 8.Qf3 e5
9.Nxc6 bxc6 10.fxe5 dxe5 11.Bc4 O-O 12.O-O Qa5 13.Kh1 Rb8 14.Bg5 Qc5 15.b3
Kh8 16.Rae1 Ng4 17.Na4 Qd6 18.Rd1 Qc7 19.Bc1 f5 20.h3 Nh6 21.Bxh6 gxh6 22.
Qh5 f4 23.Nb2 Bd7 24.Nd3 Bg5 25.Nc5 Rbd8 26.h4 Bf6 27.Qxh6 Bg4 28.Rxd8 
Qxd8 29.Ne6 Bxe6 30.Bxe6 Bg7 31.Qh5 Rf6 32.Rd1 Qe7 33.Bh3 Rh6 34.Qg5 Rf6 
35.Rd7 Qf8 36.Rc7 Rg6 37.Qh5 Rh6 38.Qg4 Rd6 39.Rc8 Rd8 40.Rxc6 Qb4 41.Rc7 
Qe1+ 42.Kh2 Bf6 43.Rc8 Bxh4 44.Rxd8+ Bxd8 45.Qf5 Qg3+ 46.Kh1 Qe1+ 47.Kh2 
Qg3+ 1/2-1/2

[Event "66th POL-ch (w)"]
[Site "Warsaw POL"]
[Date "2014.04.01"]
[Round "8"]
[White "Jakubiec, Edyta"]
[Black "Rajlich, Iweta"]
[Result "0-1"]
[WhiteElo "2218"]
[BlackElo "2400"]
[EventDate "2014.03.25"]
[PlyCount "52"]

1.Nf3 d5 2.d4 c6 3.e3 Bg4 4.c4 e6 5.Nc3 Nd7 6.b3 Ngf6 7.Be2 Bb4 8.Bd2 Bxc3
9.Bxc3 Ne4 10.Bb2 Qa5+ 11.Kf1 O-O 12.h3 Bh5 13.Qe1 Qc7 14.Ba3 Rfe8 15.g3 
dxc4 16.bxc4 e5 17.g4 Bg6 18.Bb2 exd4 19.Nxd4 Ndc5 20.Rd1 Nd6 21.Rg1 f6 
22.Nb3 Nxb3 23.axb3 Nf7 24.h4 Qh2 25.h5 Qh3+ 26.Rg2 Be4 0-1

[Event "66th POL-ch (w)"]
[Site "Warsaw POL"]
[Date "2014.04.01"]
[Round "8"]
[White "Kulon, Klaudia"]
[Black "Adamowicz, Katarzyna"]
[Result "1-0"]
[WhiteElo "2308"]
[BlackElo "2145"]
[EventDate "2014.03.25"]
[PlyCount "99"]

1.e4 e5 2.Nf3 Nc6 3.Bb5 Nf6 4.Bxc6 dxc6 5.d3 Bd6 6.Nbd2 Be6 7.b3 b5 8.Bb2 
Nd7 9.d4 Qf6 10.h3 O-O 11.O-O Rfe8 12.dxe5 Nxe5 13.Nd4 Bxh3 14.gxh3 Qg5+ 
15.Kh1 Qh6 16.Kg2 Ng6 17.Rh1 Nh4+ 18.Kf1 Rad8 19.N2f3 Rxe4 20.Nxh4 Qxh4 
21.Nf5 Qg5 22.Nxd6 Rxd6 23.Qf3 Qd5 24.Rg1 f6 25.Kg2 Qg5+ 26.Kh2 Qh4 27.Rg2
g6 28.Rag1 Kf7 29.Bc1 Red4 30.Be3 R4d5 31.Rg4 Qh5 32.a3 a5 33.Qg3 Qf5 34.
Qh4 g5 35.Qh5+ Ke7 36.Qh6 Kd7 37.c4 Rd3 38.cxb5 cxb5 39.Qf8 Qe5+ 40.R4g3 
Rd1 41.Rxd1 Rxd1 42.Qc5 Qa1 43.Qxb5+ Kd8 44.Qc6 h5 45.Ba7 Qe5 46.Qf3 Qe1 
47.Qxf6+ Kc8 48.Qa6+ Kd7 49.Rd3+ Ke7 50.Re3+ 1-0

[Event "66th POL-ch (w)"]
[Site "Warsaw POL"]
[Date "2014.04.01"]
[Round "8"]
[White "Socko, Monika"]
[Black "Bartel, Marta"]
[Result "1-0"]
[WhiteElo "2446"]
[BlackElo "2342"]
[EventDate "2014.03.25"]
[PlyCount "81"]

1.Nf3 f5 2.d4 Nf6 3.c4 g6 4.g3 Bg7 5.Bg2 O-O 6.O-O d6 7.b3 c6 8.Bb2 a5 9.
Qc2 Na6 10.Nbd2 d5 11.a3 Be6 12.Ne5 Ne4 13.Rad1 Qe8 14.Nxe4 fxe4 15.f3 
Bxe5 16.dxe5 dxc4 17.bxc4 exf3 18.exf3 Qf7 19.Rd4 Nc5 20.f4 Rad8 21.Qd1 
Rxd4 22.Qxd4 Na4 23.Ba1 c5 24.Qd2 Nb6 25.Qxa5 Nxc4 26.Qxc5 Ra8 27.Bxb7 
Rxa3 28.Rd1 Ra2 29.Bc3 Rc2 30.Bb4 Rb2 31.Be4 Kg7 32.Ra1 Nd2 33.Qd4 Nc4 34.
Bc3 Rb3 35.Ra7 Kh6 36.Bc2 Ra3 37.Rc7 Bd5 38.f5 gxf5 39.e6 Qg6 40.Rxc4 Bxc4
41.Bd2+ 1-0

[Event "66th POL-ch (w)"]
[Site "Warsaw POL"]
[Date "2014.04.01"]
[Round "8"]
[White "Szczepkowska-Horowska, Karina"]
[Black "Iwanow, Anna"]
[Result "1-0"]
[WhiteElo "2396"]
[BlackElo "2208"]
[EventDate "2014.03.25"]
[PlyCount "81"]

1.e4 c5 2.Nf3 e6 3.d4 cxd4 4.Nxd4 Nc6 5.Nc3 Qc7 6.Be2 a6 7.O-O Nf6 8.Be3 
Bb4 9.Na4 O-O 10.Nxc6 bxc6 11.Nb6 Rb8 12.Nxc8 Rfxc8 13.Bxa6 Rf8 14.Bd3 Bd6
15.g3 Be5 16.a4 Bxb2 17.Ra2 d5 18.exd5 Nxd5 19.Bd2 g6 20.Qf3 f5 21.a5 e5 
22.Bc4 e4 23.Qd1 Be5 24.a6 f4 25.Bxf4 Bxf4 26.Bxd5+ cxd5 27.Qxd5+ Kh8 28.
gxf4 Qxf4 29.Qd4+ Kg8 30.Qe3 Qg4+ 31.Qg3 Qe6 32.Ra3 Qc6 33.a7 Ra8 34.Rb1 
Qxc2 35.Qb3+ Qxb3 36.Rbxb3 Kg7 37.Rb7+ Kh6 38.Kg2 Rac8 39.Kg3 Rcd8 40.Kg4 
Rd3 41.a8=Q 1-0

[Event "66th POL-ch (w)"]
[Site "Warsaw POL"]
[Date "2014.04.01"]
[Round "8"]
[White "Zawadzka, Jolanta"]
[Black "Worek, Joanna"]
[Result "0-1"]
[WhiteElo "2394"]
[BlackElo "2346"]
[EventDate "2014.03.25"]
[PlyCount "132"]

1.e4 c5 2.Nf3 e6 3.d4 cxd4 4.Nxd4 Nc6 5.Nc3 a6 6.Nxc6 bxc6 7.Bd3 d5 8.O-O 
Nf6 9.Qe2 Be7 10.b3 Bb7 11.Bb2 O-O 12.Rae1 Re8 13.f4 Bf8 14.Kh1 Qc7 15.e5 
Nd7 16.Nd1 a5 17.c4 a4 18.Qc2 g6 19.cxd5 axb3 20.axb3 exd5 21.e6 Nc5 22.
Qc3 f6 23.Bb1 d4 24.Qh3 Ba6 25.Rg1 Qd6 26.f5 Rab8 27.fxg6 h6 28.Qf5 Nxe6 
29.Qxf6 Bg7 30.Qf7+ Kh8 31.Bc1 Re7 32.Qf3 Rbe8 33.Re4 Nf8 34.Rxe7 Qxe7 35.
Qh3 Bc8 36.Qg3 c5 37.Bd3 Qe5 38.Bf4 Qh5 39.h3 Bf5 40.Bb5 Re6 41.Qf2 Be4 
42.Kh2 Qxg6 43.Qd2 Bd5 44.Bd3 Qf7 45.Bc2 Qe7 46.Qa5 Be5 47.Bxe5+ Rxe5 48.
Qa6 Kg7 49.Qc8 Rg5 50.Nf2 Qe5+ 51.Kh1 Qf4 52.Qxc5 Qxf2 53.Qe7+ Kh8 54.Be4 
Bxe4 55.Qxe4 Qe3 56.Qc6 Rf5 57.Rd1 Ne6 58.Qc4 Rc5 59.Qf1 Qg5 60.Qe2 Re5 
61.Qf3 Re3 62.Qb7 Qe5 63.Qc8+ Kh7 64.Qd7+ Ng7 65.Qd8 d3 66.Qh4 d2 0-1

[Event "66th POL-ch (w)"]
[Site "Warsaw POL"]
[Date "2014.04.02"]
[Round "9"]
[White "Adamowicz, Katarzyna"]
[Black "Jakubiec, Edyta"]
[Result "1-0"]
[WhiteElo "2145"]
[BlackElo "2218"]
[EventDate "2014.03.25"]
[PlyCount "97"]

1.e4 c5 2.Nf3 Nc6 3.d4 cxd4 4.Nxd4 e5 5.Nb5 d6 6.N1c3 a6 7.Na3 b5 8.Nd5 
Nge7 9.c4 Nd4 10.Nxe7 Bxe7 11.Bd3 O-O 12.O-O Bb7 13.Re1 Bf6 14.cxb5 d5 15.
bxa6 Bxa6 16.Be3 dxe4 17.Bxe4 Rb8 18.Rb1 Be7 19.Qa4 Bc8 20.Bxd4 exd4 21.
Nc2 d3 22.Rbd1 Bd7 23.Qa7 dxc2 24.Rxd7 Bc5 25.Rxd8 Bxa7 26.Rxb8 Rxb8 27.
Bxc2 g6 28.b3 Rd8 29.Re2 Bc5 30.Kf1 h5 31.Re5 Ba3 32.Re4 Rd2 33.Rc4 Kg7 
34.Ke1 Rd7 35.Be4 f5 36.Bf3 Bd6 37.a4 Bxh2 38.g3 Rd3 39.Bd1 Bg1 40.a5 
Bxf2+ 41.Kxf2 Rxd1 42.a6 Rd2+ 43.Ke1 Rd8 44.a7 Ra8 45.Rc7+ Kf6 46.b4 Ke6 
47.b5 Kd6 48.b6 g5 49.Rb7 1-0

[Event "66th POL-ch (w)"]
[Site "Warsaw POL"]
[Date "2014.04.02"]
[Round "9"]
[White "Bartel, Marta"]
[Black "Szczepkowska-Horowska, Karina"]
[Result "1/2-1/2"]
[WhiteElo "2342"]
[BlackElo "2396"]
[EventDate "2014.03.25"]
[PlyCount "83"]

1.Nf3 Nf6 2.g3 g6 3.Bg2 Bg7 4.d4 O-O 5.b3 d6 6.Bb2 c6 7.O-O Bg4 8.Nbd2 Qc8
9.e4 d5 10.Re1 Re8 11.e5 Nh5 12.Nf1 Na6 13.Ne3 Bd7 14.c4 Nc7 15.Rc1 Bh6 
16.Nd2 Bxe3 17.Rxe3 Be6 18.Nf1 Ng7 19.Re1 Qd7 20.Ne3 Rad8 21.g4 f6 22.exf6
exf6 23.Qf3 Rf8 24.Qg3 f5 25.gxf5 Nxf5 26.Nxf5 Rxf5 27.cxd5 Nxd5 28.Re5 
Rxe5 29.Qxe5 Bf7 30.Bxd5 Bxd5 31.Re1 b6 32.Qg5 Re8 33.Rxe8+ Qxe8 34.Qe5 
Qc8 35.Kf1 Qa6+ 36.Kg1 Qxa2 37.Qe8+ Kg7 38.Qe7+ Bf7 39.Qe5+ Kf8 40.Qd6+ 
Kg7 41.Qe5+ Kf8 42.Qd6+ 1/2-1/2

[Event "66th POL-ch (w)"]
[Site "Warsaw POL"]
[Date "2014.04.02"]
[Round "9"]
[White "Iwanow, Anna"]
[Black "Zawadzka, Jolanta"]
[Result "0-1"]
[WhiteElo "2208"]
[BlackElo "2394"]
[EventDate "2014.03.25"]
[PlyCount "64"]

1.e4 d5 2.exd5 Qxd5 3.Nc3 Qd6 4.d4 Nf6 5.Be2 g6 6.Nf3 Bg7 7.O-O O-O 8.Bg5 
a6 9.a4 Rd8 10.Qd2 Bf5 11.Rad1 Nc6 12.Bf4 Qb4 13.Qc1 Nxd4 14.Nxd4 Rxd4 15.
Bxc7 Ne8 16.Bg3 Rad8 17.Bf3 Rxd1 18.Rxd1 Rxd1+ 19.Qxd1 Qxb2 20.Ne4 Qb4 21.
c3 Qc4 22.Qd8 Bxe4 23.Qxe8+ Bf8 24.Bf4 Bc6 25.Qb8 Qxc3 26.h3 f6 27.Bh6 
Qe1+ 28.Kh2 Qe5+ 29.Qxe5 fxe5 30.Bxc6 bxc6 31.Bd2 Kf7 32.Kg3 Ke6 0-1

[Event "66th POL-ch (w)"]
[Site "Warsaw POL"]
[Date "2014.04.02"]
[Round "9"]
[White "Rajlich, Iweta"]
[Black "Socko, Monika"]
[Result "1/2-1/2"]
[WhiteElo "2400"]
[BlackElo "2446"]
[EventDate "2014.03.25"]
[PlyCount "107"]

1.d4 Nf6 2.Nd2 d5 3.e3 e6 4.f4 c5 5.c3 Bd6 6.Bd3 b6 7.Nh3 Nc6 8.O-O Bb7 9.
Nf3 h6 10.Nf2 Qc7 11.Ne5 g5 12.b4 c4 13.Bc2 O-O-O 14.b5 Na5 15.Qe2 Ne4 16.
Nxe4 dxe4 17.Qh5 Rh7 18.fxg5 Bxe5 19.g6 Bxh2+ 20.Qxh2 Qxh2+ 21.Kxh2 fxg6 
22.Rf6 Bd5 23.Ba3 g5 24.Raf1 Nb7 25.Rg6 Kd7 26.Rff6 Rdh8 27.Bd1 Nd6 28.
Bxd6 Kxd6 29.Bg4 Re7 30.Rxh6 Rxh6+ 31.Rxh6 a6 32.a4 axb5 33.axb5 Ra7 34.
Bh5 Ra3 35.Rh7 Rxc3 36.Be8 e5 37.Rh6+ Ke7 38.Bc6 Bxc6 39.bxc6 exd4 40.exd4
Rd3 41.c7 Kd7 42.Rc6 Kc8 43.Rxc4 e3 44.Kg3 b5 45.Rb4 e2+ 46.Kf2 Re3 47.Ke1
Kxc7 48.Rxb5 Rg3 49.Kxe2 Rxg2+ 50.Kf3 Rg1 51.Ke4 Kc6 52.Ra5 Re1+ 53.Kf5 g4
54.Kxg4 1/2-1/2

[Event "66th POL-ch (w)"]
[Site "Warsaw POL"]
[Date "2014.04.02"]
[Round "9"]
[White "Worek, Joanna"]
[Black "Kulon, Klaudia"]
[Result "0-1"]
[WhiteElo "2346"]
[BlackElo "2308"]
[EventDate "2014.03.25"]
[PlyCount "56"]

1.e4 c5 2.Nf3 Nc6 3.d4 cxd4 4.Nxd4 Nf6 5.Nc3 d6 6.Bg5 Bd7 7.Qd2 a6 8.f4 b5
9.Bxf6 gxf6 10.O-O-O e6 11.Kb1 Qb6 12.Nxc6 Bxc6 13.Bd3 b4 14.Ne2 h5 15.f5 
Bh6 16.Qe1 e5 17.h4 Ke7 18.Rh3 Rag8 19.Ng3 Bf4 20.Bc4 Qc5 21.Bd5 Bb5 22.
Bb3 a5 23.Rd5 Qb6 24.Rd1 a4 25.Bd5 Qc5 26.a3 Rc8 27.Nf1 Qxc2+ 28.Ka1 Bc1 
0-1